LIBRARY ONLINE CATALOGUE

Discipleship essentials : (Record no. 21330)

MARC details
000 -LEADER
fixed length control field 01800cam a22003734a 4500
001 - CONTROL NUMBER
control field 14947352
003 - CONTROL NUMBER IDENTIFIER
control field OSt
005 - DATE AND TIME OF LATEST TRANSACTION
control field 20260310115511.0
008 - FIXED-LENGTH DATA ELEMENTS--GENERAL INFORMATION
fixed length control field 070731s2007 ilu b 000 0 eng
010 ## - LIBRARY OF CONGRESS CONTROL NUMBER
LC control number 2007031446
020 ## - INTERNATIONAL STANDARD BOOK NUMBER
International Standard Book Number 9780830810871
Qualifying information pbk. : alk. paper
020 ## - INTERNATIONAL STANDARD BOOK NUMBER
International Standard Book Number 0830810870
Qualifying information pbk. : alk. paper
035 ## - SYSTEM CONTROL NUMBER
System control number 14947352
035 ## - SYSTEM CONTROL NUMBER
System control number (OCoLC)163603942
040 ## - CATALOGING SOURCE
Original cataloging agency DLC
Transcribing agency DLC
Modifying agency DLC
050 00 - LIBRARY OF CONGRESS CALL NUMBER
Classification number BV4511
Item number .O33 2007
082 00 - DEWEY DECIMAL CLASSIFICATION NUMBER
Classification number 248.4071
Edition number 22
100 1# - MAIN ENTRY--PERSONAL NAME
Personal name Ogden, Greg.
245 10 - TITLE STATEMENT
Title Discipleship essentials :
Remainder of title a guide to building your life in Christ /
Statement of responsibility, etc. Greg Ogden.
250 ## - EDITION STATEMENT
Edition statement Expanded ed.
260 ## - PUBLICATION, DISTRIBUTION, ETC. (IMPRINT)
Place of publication, distribution, etc. Downers Grove, Ill. :
Name of publisher, distributor, etc. IVP Connect,
Date of publication, distribution, etc. c2007.
300 ## - PHYSICAL DESCRIPTION
Extent 232 p. ;
Dimensions 26 cm.
336 ## - CONTENT TYPE
Content type term text
Content type code txt
Source rdacontent
337 ## - MEDIA TYPE
Media type term unmediated
Media type code n
Source rdamedia
338 ## - CARRIER TYPE
Carrier type term volume
Carrier type code nc
Source rdacarrier
504 ## - BIBLIOGRAPHY, ETC. NOTE
Bibliography, etc Includes bibliographical references.
505 0# - FORMATTED CONTENTS NOTE
Formatted contents note Growing up in Christ -- Making disciples -- Being a disciple -- Quiet time -- Bible study -- Prayer -- Worship -- Understanding the message of Christ -- The three-person God -- Made in God's image -- Sin -- Grace -- Redemption -- Justification -- Adoption -- Becoming like Christ -- Filled with the Holy Spirit -- Fruit of the Holy Spirit -- Trust -- Love -- Justice -- Witness -- Serving Christ -- The church -- Ministry gifts -- Spiritual warfare -- Walking in obedience -- Sharing the wealth -- Money.
650 #0 - SUBJECT ADDED ENTRY--TOPICAL TERM
Topical term or geographic name as entry element Christian life
General subdivision Study and teaching.
856 41 - ELECTRONIC LOCATION AND ACCESS
Materials specified Table of contents only
Uniform Resource Identifier <a href="http://www.loc.gov/catdir/toc/ecip0724/2007031446.html">http://www.loc.gov/catdir/toc/ecip0724/2007031446.html</a>
906 ## - LOCAL DATA ELEMENT F, LDF (RLIN)
a 7
b cbc
c orignew
d 1
e ecip
f 20
g y-gencatlg
942 ## - ADDED ENTRY ELEMENTS (KOHA)
Source of classification or shelving scheme Library of Congress Classification
Koha item type General Collection
Holdings
Withdrawn status Lost status Source of classification or shelving scheme Not for loan Home library Current library Shelving location Date acquired Source of acquisition Inventory number Total Checkouts Full call number Barcode Date last seen Copy number Price effective from Koha item type
    Library of Congress Classification   Kabarak, Main Campus Kabarak, Main Campus General Stacks 10/03/2026 Donation 2026/3834   BV4511 .O33 2007 C.1 38529 10/03/2026 C.1 10/03/2026 General Collection